000 00438nam a2200157Ia 4500
008 230917s9999||||xx |||||||||||||| ||und||
040 _e106020
_aMAIN
041 _aEnglish
082 _a301.451 G959C
100 _aGupta, Dipankar
245 4 _aThe context of ethnicity: sikh identity in a comparative perspective
250 _a2nd ed.
260 _aNew Delhi
_bOxford University Press
_c2002
300 _axii,241p p.
942 _cBK
999 _c110292
_d110292